[Event "Campeonato España Sub 18"]
[Site "Salobreña"]
[Date "2017.08.04"]
[Round "8"]
[White "Rodriguez Izquierdo, Luis"]
[Black "Perez Tores, Juan Miguel"]
[Result "1/2-1/2"]
[Board "18"]
[WhiteClock "n/a"]
[WhiteElo "2088"]
[WhiteCountry "ESP"]
[WhiteFideId "32051603"]
[WhiteEloChange "2"]
[BlackClock "n/a"]
[BlackElo "2163"]
[BlackCountry "ESP"]
[BlackFideId "22247602"]
[BlackEloChange "-2"]

1. e4 {[%clk 1:30:30]} g6 {[%clk 1:30:30]} 2. d4 {[%clk 1:30:30]} d6 {[%clk
1:30:30]} 3. Nc3 {[%clk 1:30:30]} Bg7 {[%clk 1:30:30]} 4. Be3 {[%clk 1:30:30]} c6
{[%clk 1:30:30]} 5. Qd2 {[%clk 1:30:30]} b5 {[%clk 1:30:30]} 6. Bd3 {[%clk
1:30:30]} Nd7 {[%clk 1:30:30]} 7. Nf3 {[%clk 1:30:30]} a6 {[%clk 1:30:30]} 8. a4
{[%clk 1:30:30]} b4 {[%clk 1:30:30]} 9. Ne2 {[%clk 1:30:30]} a5 {[%clk 1:30:30]}
10. O-O {[%clk 1:30:30]} Ngf6 {[%clk 1:30:30]} 11. Bh6 {[%clk 1:30:30]} O-O
{[%clk 1:30:30]} 12. Bxg7 {[%clk 1:30:30]} Kxg7 {[%clk 1:30:30]} 13. Ng3 {[%clk
1:30:30]} h6 {[%clk 1:30:30]} 14. h3 {[%clk 1:30:30]} e5 {[%clk 1:30:30]} 15. c3
{[%clk 1:30:30]} c5 {[%clk 1:30:30]} 16. Rfd1 {[%clk 1:30:30]} Bb7 {[%clk
1:30:30]} 17. d5 {[%clk 1:30:30]} bxc3 {[%clk 1:30:30]} 18. bxc3 {[%clk 1:30:30]}
Ba6 {[%clk 1:30:30]} 19. Qe2 {[%clk 1:30:30]} Bxd3 {[%clk 1:30:30]} 20. Qxd3
{[%clk 1:30:30]} Qc7 {[%clk 1:30:30]} 21. Nd2 {[%clk 1:30:30]} Rfb8 {[%clk
1:30:30]} 22. Ngf1 {[%clk 1:30:30]} c4 {[%clk 1:30:30]} 23. Qxc4 {[%clk 1:30:30]}
Qxc4 {[%clk 1:30:30]} 24. Nxc4 {[%clk 1:30:30]} Nxe4 {[%clk 1:30:30]} 25. Rac1
{[%clk 1:30:30]} Nb6 {[%clk 1:30:30]} 26. Nfe3 {[%clk 1:30:30]} Nxa4 {[%clk
1:30:30]} 27. f3 {[%clk 1:30:30]} Nexc3 {[%clk 1:30:30]} 28. Rd2 {[%clk 1:30:30]}
Ra6 {[%clk 1:30:30]} 29. Rdc2 {[%clk 1:30:30]} Nb5 {[%clk 1:30:30]} 30. Rb1
{[%clk 1:30:30]} Raa8 {[%clk 1:30:30]} 31. Ra1 {[%clk 1:30:30]} Nac3 {[%clk
1:30:30]} 32. Rac1 {[%clk 1:30:30]} Na4 {[%clk 1:30:30]} 33. Ra1 {[%clk 1:30:30]}
Nc5 {[%clk 1:30:30]} 34. Rxa5 {[%clk 1:30:30]} Rxa5 {[%clk 1:30:30]} 35. Nxa5
{[%clk 1:30:30]} Nd4 {[%clk 1:30:30]} 36. Rd2 {[%clk 1:30:30]} Rb1+ {[%clk
1:30:30]} 37. Kf2 {[%clk 1:30:30]} Ncb3 {[%clk 1:30:30]} 38. Nxb3 {[%clk
1:30:30]} Rxb3 {[%clk 1:30:30]} 39. Nc4 {[%clk 1:30:30]} Rb5 {[%clk 1:30:30]} 40.
Nxd6 {[%clk 1:30:30]} Rxd5 {[%clk 1:30:30]} 41. Ne8+ {[%clk 1:30:30]} Kf8 {[%clk
1:30:30]} 42. Nf6 {[%clk 1:30:30]} Rd6 {[%clk 1:30:30]} 43. Ng4 {[%clk 1:30:30]}
f6 {[%clk 1:30:30]} 44. f4 {[%clk 1:30:30]} exf4 {[%clk 1:30:30]} 45. Nxf6 {[%clk
1:30:30]} Kf7 {[%clk 1:30:30]} 46. Ng4 {[%clk 1:30:30]} h5 {[%clk 1:30:30]} 47.
Ne5+ {[%clk 1:30:30]} Kf6 {[%clk 1:30:30]} 48. Nf3 {[%clk 1:30:30]} Nf5 {[%clk
1:30:30]} 49. Rxd6+ {[%clk 1:30:30]} Nxd6 {[%clk 1:30:30]} 50. Nd2 {[%clk
1:30:30]} Kf5 {[%clk 1:30:30]} 51. Kf3 {[%clk 1:30:30]} g5 {[%clk 1:30:30]} 52.
Nb3 {[%clk 1:30:30]} Nb5 {[%clk 1:30:30]} 53. Nc5 {[%clk 1:30:30]} Nc3 {[%clk
1:30:30]} 54. Nd3 {[%clk 1:30:30]} Ne4 {[%clk 1:30:30]} 55. Ke2 {[%clk 1:30:30]}
g4 {[%clk 1:30:30]} 56. hxg4+ {[%clk 1:30:30]} Kxg4 {[%clk 1:30:30]} 57. Kf1
{[%clk 1:30:30]} Kg3 {[%clk 1:30:30]} 58. Kg1 {[%clk 1:30:30]} Nc3 {[%clk
1:30:30]} 59. Nc5 {[%clk 1:30:30]} h4 {[%clk 1:30:30]} 60. Ne6 {[%clk 1:30:30]}
Ne2+ {[%clk 1:30:30]} 61. Kf1 {[%clk 1:30:30]} f3 {[%clk 1:30:30]} 62. gxf3
{[%clk 1:30:30]} h3 {[%clk 1:30:30]} 63. Ng5 {[%clk 1:30:30]} h2 {[%clk 1:30:30]}
64. Ne4+ {[%clk 1:30:30]} Kxf3 {[%clk 1:30:30]} 65. Ng5+ {[%clk 1:30:30]} 1/2-1/2

[Event "Campeonato España Sub 18"]
[Site "Salobreña"]
[Date "2017.08.04"]
[Round "8"]
[White "Presa Villa, Andres"]
[Black "Villemur Tamarit, Juan"]
[Result "1/2-1/2"]
[Board "19"]
[WhiteClock "1:31"]
[WhiteElo "2058"]
[WhiteCountry "ESP"]
[WhiteFideId "32008651"]
[WhiteEloChange "2"]
[BlackClock "1:31"]
[BlackElo "2146"]
[BlackCountry "ESP"]
[BlackFideId "22280332"]
[BlackEloChange "-2"]

1. e4 {[%clk 1:31:00]} c6 {[%clk 1:31:00]} 2. d4 {[%clk 1:31:00]} d5 {[%clk
1:31:00]} 3. Nc3 {[%clk 1:31:00]} dxe4 {[%clk 1:31:00]} 4. Nxe4 {[%clk 1:31:00]}
Bf5 {[%clk 1:31:00]} 5. Ng3 {[%clk 1:31:00]} Bg6 {[%clk 1:31:00]} 6. h4 {[%clk
1:31:00]} h6 {[%clk 1:31:00]} 7. h5 {[%clk 1:31:00]} Bh7 {[%clk 1:32:00]} 8. Nf3
{[%clk 1:31:00]} Nd7 {[%clk 1:32:00]} 9. Bd3 {[%clk 1:31:00]} Bxd3 {[%clk
1:32:00]} 10. Qxd3 {[%clk 1:32:00]} e6 {[%clk 1:31:00]} 11. Bf4 {[%clk 1:30:00]}
Qa5+ {[%clk 1:31:00]} 12. Bd2 {[%clk 1:29:00]} Qc7 {[%clk 1:31:00]} 13. O-O-O
{[%clk 1:29:00]} Ngf6 {[%clk 1:28:00]} 14. Ne4 {[%clk 1:23:00]} O-O-O {[%clk
1:21:00]} 15. Kb1 {[%clk 1:21:00]} Nxe4 {[%clk 1:19:00]} 16. Qxe4 {[%clk
1:21:00]} Bd6 {[%clk 1:17:00]} 17. g3 {[%clk 1:16:00]} Rhe8 {[%clk 1:14:00]} 18.
Rhe1 {[%clk 1:12:00]} Kb8 {[%clk 1:09:00]} 19. Qe2 {[%clk 1:04:00]} Nf6 {[%clk
1:07:00]} 20. c4 {[%clk 1:00:00]} c5 {[%clk 1:06:00]} 21. Ne5 {[%clk 0:58:00]}
cxd4 {[%clk 1:05:00]} 22. Bf4 {[%clk 0:57:00]} Ka8 {[%clk 1:05:00]} 23. Rxd4
{[%clk 0:55:00]} Bxe5 {[%clk 1:05:00]} 24. Qxe5 {[%clk 0:53:00]} Qxe5 {[%clk
1:05:00]} 25. Bxe5 {[%clk 0:53:00]} Rxd4 {[%clk 1:06:00]} 26. Bxd4 {[%clk
0:53:00]} Rd8 {[%clk 1:06:00]} 27. Bxf6 {[%clk 0:50:00]} gxf6 {[%clk 1:06:00]}
28. Kc2 {[%clk 0:51:00]} Kb8 {[%clk 1:06:00]} 29. Rd1 {[%clk 0:48:00]} Rxd1
{[%clk 1:05:00]} 30. Kxd1 {[%clk 0:48:00]} Kc7 {[%clk 1:05:00]} 31. Kd2 {[%clk
0:48:00]} 1/2-1/2

[Event "Campeonato España Sub 18"]
[Site "Salobreña"]
[Date "2017.08.04"]
[Round "8"]
[White "Martinez Lopez, Carlos"]
[Black "Centron Antuna, Daniel"]
[Result "1-0"]
[Board "20"]
[WhiteClock "1:32"]
[WhiteElo "2034"]
[WhiteCountry "ESP"]
[WhiteFideId "32041659"]
[WhiteEloChange "12"]
[BlackClock "1:32"]
[BlackElo "2112"]
[BlackCountry "ESP"]
[BlackFideId "22288694"]
[BlackEloChange "-12"]

1. e4 {[%clk 1:32:00]} c5 {[%clk 1:32:00]} 2. Nf3 {[%clk 1:32:00]} e6 {[%clk
1:32:00]} 3. d4 {[%clk 1:32:00]} cxd4 {[%clk 1:32:00]} 4. Nxd4 {[%clk 1:32:00]}
Nf6 {[%clk 1:32:00]} 5. Nc3 {[%clk 1:32:00]} Bb4 {[%clk 1:32:00]} 6. e5 {[%clk
1:32:00]} Nd5 {[%clk 1:32:00]} 7. Qg4 {[%clk 1:32:00]} O-O {[%clk 1:32:00]} 8.
Bh6 {[%clk 1:32:00]} g6 {[%clk 1:32:00]} 9. Bxf8 {[%clk 1:32:00]} Qxf8 {[%clk
1:33:00]} 10. Ne2 {[%clk 1:31:00]} Qc5 {[%clk 1:32:00]} 11. Qg3 {[%clk 1:31:00]}
Nc6 {[%clk 1:31:00]} 12. O-O-O {[%clk 1:31:00]} Nxc3 {[%clk 1:29:00]} 13. Nxc3
{[%clk 1:31:00]} Qxe5 {[%clk 1:26:00]} 14. Qxe5 {[%clk 1:31:00]} Nxe5 {[%clk
1:27:00]} 15. Be2 {[%clk 1:29:00]} d5 {[%clk 1:25:00]} 16. f4 {[%clk 1:29:00]}
Nc6 {[%clk 1:20:00]} 17. h4 {[%clk 1:26:00]} Bc5 {[%clk 1:14:00]} 18. Kb1 {[%clk
1:24:00]} a6 {[%clk 1:07:00]} 19. h5 {[%clk 1:24:00]} b5 {[%clk 1:02:00]} 20.
hxg6 {[%clk 1:20:00]} hxg6 {[%clk 1:02:00]} 21. Bd3 {[%clk 1:17:00]} Bb7 {[%clk
0:55:00]} 22. g4 {[%clk 1:16:00]} Kg7 {[%clk 0:48:00]} 23. Rh3 {[%clk 1:10:00]}
Nb4 {[%clk 0:43:00]} 24. Rdh1 {[%clk 1:06:00]} Nxd3 {[%clk 0:42:00]} 25. cxd3
{[%clk 1:04:00]} b4 {[%clk 0:40:00]} 26. Rh7+ {[%clk 1:03:00]} Kf6 {[%clk
0:41:00]} 27. Ne2 {[%clk 0:59:00]} Re8 {[%clk 0:38:00]} 28. g5+ {[%clk 0:56:00]}
Ke7 {[%clk 0:38:00]} 29. Rg7 {[%clk 0:56:00]} Rf8 {[%clk 0:32:00]} 30. Rh6 {[%clk
0:55:00]} Kd6 {[%clk 0:29:00]} 31. Rhh7 {[%clk 0:55:00]} Ke7 {[%clk 0:29:00]} 32.
Rxg6 {[%clk 0:55:00]} Bc6 {[%clk 0:20:00]} 33. Rgg7 {[%clk 0:50:00]} Bb5 {[%clk
0:21:00]} 34. Kc2 {[%clk 0:51:00]} Be3 {[%clk 0:21:00]} 35. g6 {[%clk 0:48:00]}
Rc8+ {[%clk 0:21:00]} 36. Kd1 {[%clk 0:47:00]} Bxd3 {[%clk 0:21:00]} 37. Rxf7+
{[%clk 0:48:00]} Kd6 {[%clk 0:21:00]} 38. Rd7+ {[%clk 0:48:00]} Kc6 {[%clk
0:22:00]} 39. Rdg7 {[%clk 0:46:00]} Kb6 {[%clk 0:22:00]} 40. Rh3 {[%clk 0:46:00]}
d4 {[%clk 0:22:00]} 41. Re7 {[%clk 0:43:00]} Bf5 {[%clk 0:17:17]} 42. Rg3 {[%clk
0:40:00]} Rh8 {[%clk 0:14:10]} 43. g7 {[%clk 0:37:00]} Rh1+ {[%clk 0:13:14]} 44.
Ng1 {[%clk 0:30:00]} Bh7 {[%clk 0:12:10]} 45. Rxe6+ {[%clk 0:30:00]} Kc5 {[%clk
0:12:20]} 46. Rexe3 {[%clk 0:30:00]} dxe3 {[%clk 0:12:31]} 47. g8Q {[%clk
0:30:00]} Bxg8 {[%clk 0:12:49]} 48. Rxg8 {[%clk 0:30:00]} Kd4 {[%clk 0:19:27]}
49. f5 {[%clk 0:12:25]} Ke5 {[%clk 0:12:54]} 50. Rg2 {[%clk 0:16:13]} Kxf5 {[%clk
0:12:32]} 51. Ke2 {[%clk 0:16:05]} Kf4 {[%clk 0:12:51]} 52. Kd3 {[%clk 0:15:41]}
Rh6 {[%clk 0:12:44]} 53. Ne2+ {[%clk 0:15:17]} Kf3 {[%clk 0:13:11]} 54. Rg3+
{[%clk 0:15:19]} Kf2 {[%clk 0:12:58]} 55. Rxe3 {[%clk 0:15:02]} Rh5 {[%clk
0:11:43]} 56. Re6 {[%clk 0:14:08]} Ra5 {[%clk 0:11:44]} 57. Nc1 {[%clk 0:12:57]}
Rd5+ {[%clk 0:11:27]} 58. Kc4 {[%clk 0:12:08]} Rd2 {[%clk 0:11:38]} 59. Re2+
{[%clk 0:12:25]} Rxe2 {[%clk 0:11:35]} 60. Nxe2 {[%clk 0:12:52]} Kxe2 {[%clk
0:10:55]} 61. Kxb4 {[%clk 0:13:13]} Kd3 {[%clk 0:11:04]} 62. Kc5 {[%clk 0:12:20]}
Kc2 {[%clk 0:11:25]} 63. b4 {[%clk 0:12:42]} Kc3 {[%clk 0:11:44]} 64. a4 {[%clk
0:12:42]} 1-0

[Event "Campeonato España Sub 18"]
[Site "Salobreña"]
[Date "2017.08.04"]
[Round "8"]
[White "Garcia Martin, Marta"]
[Black "Atienza Alvarez, Javier"]
[Result "1-0"]
[Board "21"]
[WhiteClock "n/a"]
[WhiteTitle "FM"]
[WhiteElo "2435"]
[WhiteCountry "ESP"]
[WhiteFideId "32084030"]
[WhiteEloChange "1"]
[BlackClock "n/a"]
[BlackElo "2067"]
[BlackCountry "ESP"]
[BlackFideId "24511668"]
[BlackEloChange "-2"]

1. e4 {[%clk 1:30:30]} e6 {[%clk 1:30:30]} 2. d4 {[%clk 1:30:30]} d5 {[%clk
1:30:30]} 3. Nd2 {[%clk 1:30:30]} c5 {[%clk 1:30:30]} 4. Ngf3 {[%clk 1:30:30]}
cxd4 {[%clk 1:30:30]} 5. exd5 {[%clk 1:30:30]} Qxd5 {[%clk 1:30:30]} 6. Bc4
{[%clk 1:30:30]} Qd6 {[%clk 1:30:30]} 7. O-O {[%clk 1:30:30]} Nf6 {[%clk
1:30:30]} 8. Nb3 {[%clk 1:30:30]} Nc6 {[%clk 1:30:30]} 9. Nbxd4 {[%clk 1:30:30]}
Nxd4 {[%clk 1:30:30]} 10. Nxd4 {[%clk 1:30:30]} a6 {[%clk 1:30:30]} 11. Re1
{[%clk 1:30:30]} Qc7 {[%clk 1:30:30]} 12. Qe2 {[%clk 1:30:30]} h6 {[%clk
1:30:30]} 13. g3 {[%clk 1:30:30]} b5 {[%clk 1:30:30]} 14. Bd3 {[%clk 1:30:30]}
Bc5 {[%clk 1:30:30]} 15. Bf4 {[%clk 1:30:30]} Qb6 {[%clk 1:30:30]} 16. Nb3 {[%clk
1:30:30]} Bb7 {[%clk 1:30:30]} 17. Nxc5 {[%clk 1:30:30]} Qxc5 {[%clk 1:30:30]}
18. a4 {[%clk 1:30:30]} bxa4 {[%clk 1:30:30]} 19. Be5 {[%clk 1:30:30]} Qc6 {[%clk
1:30:30]} 20. f3 {[%clk 1:30:30]} O-O {[%clk 1:30:30]} 21. Kg2 {[%clk 1:30:30]}
Nd7 {[%clk 1:30:30]} 22. Be4 {[%clk 1:30:30]} Qb6 {[%clk 1:30:30]} 23. Bc3 {[%clk
1:30:30]} Nf6 {[%clk 1:30:30]} 24. Bxb7 {[%clk 1:30:30]} Qxb7 {[%clk 1:30:30]}
25. Rxa4 {[%clk 1:30:30]} Nd5 {[%clk 1:30:30]} 26. Bd4 {[%clk 1:30:30]} Rfc8
{[%clk 1:30:30]} 27. c4 {[%clk 1:30:30]} Qb3 {[%clk 1:30:30]} 28. Qd1 {[%clk
1:30:30]} Qxd1 {[%clk 1:30:30]} 29. Rxd1 {[%clk 1:30:30]} Ne7 {[%clk 1:30:30]}
30. Bf2 {[%clk 1:30:30]} Rab8 {[%clk 1:30:30]} 31. Rd2 {[%clk 1:30:30]} Rc6
{[%clk 1:30:30]} 32. Kf1 {[%clk 1:30:30]} Nf5 {[%clk 1:30:30]} 33. g4 {[%clk
1:30:30]} Ne7 {[%clk 1:30:30]} 34. Ke2 {[%clk 1:30:30]} Rbc8 {[%clk 1:30:30]} 35.
Rd7 {[%clk 1:30:30]} Ng6 {[%clk 1:30:30]} 36. c5 {[%clk 1:30:30]} Rb8 {[%clk
1:30:30]} 37. b4 {[%clk 1:30:30]} Nf4+ {[%clk 1:30:30]} 38. Kd1 {[%clk 1:30:30]}
Nd5 {[%clk 1:30:30]} 39. Be1 {[%clk 1:30:30]} a5 {[%clk 1:30:30]} 40. Rxd5 {[%clk
1:30:30]} exd5 {[%clk 1:30:30]} 41. Rxa5 {[%clk 1:30:30]} Kf8 {[%clk 1:30:30]}
42. b5 {[%clk 1:30:30]} Re6 {[%clk 1:30:30]} 43. Bg3 {[%clk 1:30:30]} Rc8 {[%clk
1:30:30]} 44. b6 {[%clk 1:30:30]} Re7 {[%clk 1:30:30]} 45. Bd6 {[%clk 1:30:30]}
Ke8 {[%clk 1:30:30]} 46. Bxe7 {[%clk 1:30:30]} Kxe7 {[%clk 1:30:30]} 47. b7
{[%clk 1:30:30]} 1-0

[Event "Campeonato España Sub 18"]
[Site "Salobreña"]
[Date "2017.08.04"]
[Round "8"]
[White "Galiana Fernandez, Adrian"]
[Black "Redondo Benavente, Ana"]
[Result "0-1"]
[Board "22"]
[WhiteClock "1:30"]
[WhiteElo "2274"]
[WhiteCountry "ESP"]
[WhiteFideId "32010150"]
[WhiteEloChange "-16"]
[BlackClock "1:30"]
[BlackTitle "WFM"]
[BlackElo "2026"]
[BlackCountry "ESP"]
[BlackFideId "32021674"]
[BlackEloChange "16"]

1. e4 {[%clk 1:30:00]} e6 {[%clk 1:30:00]} 2. d4 {[%clk 1:31:00]} d5 {[%clk
1:31:00]} 3. Nd2 {[%clk 1:31:00]} Be7 {[%clk 1:28:00]} 4. e5 {[%clk 1:32:00]} c5
{[%clk 1:29:00]} 5. c3 {[%clk 1:32:00]} Nc6 {[%clk 1:27:00]} 6. Bd3 {[%clk
1:32:00]} Nh6 {[%clk 1:23:00]} 7. Ndf3 {[%clk 1:33:00]} Nf5 {[%clk 1:23:00]} 8.
Ne2 {[%clk 1:33:00]} c4 {[%clk 1:17:00]} 9. Bc2 {[%clk 1:33:00]} g5 {[%clk
1:17:00]} 10. b3 {[%clk 1:27:00]} b5 {[%clk 1:12:00]} 11. a4 {[%clk 1:27:00]} b4
{[%clk 1:11:00]} 12. bxc4 {[%clk 1:27:00]} dxc4 {[%clk 1:03:00]} 13. Be4 {[%clk
1:15:00]} Bb7 {[%clk 0:59:00]} 14. Bxf5 {[%clk 1:15:00]} exf5 {[%clk 0:59:00]}
15. d5 {[%clk 0:48:00]} Nxe5 {[%clk 0:25:00]} 16. Nxe5 {[%clk 0:48:00]} Qxd5
{[%clk 0:24:00]} 17. Qxd5 {[%clk 0:48:00]} Bxd5 {[%clk 0:20:00]} 18. cxb4 {[%clk
0:44:00]} Bxb4+ {[%clk 0:20:00]} 19. Bd2 {[%clk 0:43:00]} a5 {[%clk 0:20:00]} 20.
Rd1 {[%clk 0:43:00]} Rd8 {[%clk 0:20:00]} 21. O-O {[%clk 0:43:00]} f6 {[%clk
0:19:53]} 22. Bxb4 {[%clk 0:43:00]} axb4 {[%clk 0:19:42]} 23. Nf3 {[%clk
0:43:00]} Kf7 {[%clk 0:20:00]} 24. Rd4 {[%clk 0:43:00]} Rhe8 {[%clk 0:20:00]} 25.
Rfd1 {[%clk 0:43:00]} Rxe2 {[%clk 0:20:00]} 26. Rxd5 {[%clk 0:43:00]} Rxd5 {[%clk
0:20:00]} 27. Rxd5 {[%clk 0:43:00]} g4 {[%clk 0:20:00]} 28. Rd7+ {[%clk 0:43:00]}
Ke8 {[%clk 0:20:00]} 29. Rb7 {[%clk 0:43:00]} gxf3 {[%clk 0:20:00]} 30. gxf3
{[%clk 0:43:00]} c3 {[%clk 0:20:00]} 31. Kf1 {[%clk 0:43:00]} Rb2 {[%clk
0:20:00]} 0-1

[Event "Campeonato España Sub 18"]
[Site "Salobreña"]
[Date "2017.08.04"]
[Round "8"]
[White "Perez Perez , Gabriel"]
[Black "Quispe Arteaga, Gabriel"]
[Result "1/2-1/2"]
[Board "23"]
[WhiteClock "1:30"]
[WhiteElo "2000"]
[WhiteCountry "ESP"]
[WhiteFideId "32089147"]
[WhiteEloChange "6"]
[BlackClock "1:30"]
[BlackTitle "FM"]
[BlackElo "2231"]
[BlackCountry "ESP"]
[BlackFideId "32059809"]
[BlackEloChange "-6"]

1. e4 {[%clk 1:30:00]} c5 {[%clk 1:30:00]} 2. Nf3 {[%clk 1:30:00]} Nc6 {[%clk
1:31:00]} 3. d4 {[%clk 1:31:00]} cxd4 {[%clk 1:31:00]} 4. Nxd4 {[%clk 1:31:00]}
g6 {[%clk 1:32:00]} 5. c4 {[%clk 1:32:00]} Nf6 {[%clk 1:32:00]} 6. Nc3 {[%clk
1:32:00]} d6 {[%clk 1:33:00]} 7. Be2 {[%clk 1:32:00]} Nxd4 {[%clk 1:33:00]} 8.
Qxd4 {[%clk 1:32:00]} Bg7 {[%clk 1:33:00]} 9. Bg5 {[%clk 1:33:00]} O-O {[%clk
1:34:00]} 10. O-O {[%clk 1:33:00]} Be6 {[%clk 1:33:00]} 11. Qd2 {[%clk 1:32:00]}
Qa5 {[%clk 1:32:00]} 12. Rfc1 {[%clk 1:29:00]} Rfc8 {[%clk 1:32:00]} 13. b3
{[%clk 1:29:00]} a6 {[%clk 1:32:00]} 14. a4 {[%clk 1:25:00]} Kf8 {[%clk 1:25:00]}
15. f3 {[%clk 1:22:00]} Qb6+ {[%clk 1:24:00]} 16. Be3 {[%clk 1:23:00]} Qd8 {[%clk
1:24:00]} 17. a5 {[%clk 1:21:00]} Nd7 {[%clk 1:24:00]} 18. Ra3 {[%clk 1:20:00]}
Kg8 {[%clk 1:14:00]} 19. Nd5 {[%clk 1:19:00]} Bxd5 {[%clk 1:11:00]} 20. exd5
{[%clk 1:20:00]} Qf8 {[%clk 1:11:00]} 21. b4 {[%clk 1:20:00]} Rc7 {[%clk
1:09:00]} 22. Ra2 {[%clk 1:15:00]} Re8 {[%clk 0:16:48]} 23. c5 {[%clk 0:26:00]}
dxc5 {[%clk 0:15:32]} 24. bxc5 {[%clk 0:26:00]} Rd8 {[%clk 0:15:09]} 25. c6
{[%clk 0:26:00]} bxc6 {[%clk 0:15:09]} 26. dxc6 {[%clk 0:26:00]} Ne5 {[%clk
0:15:09]} 27. Qe1 {[%clk 0:26:00]} Rxc6 {[%clk 0:15:09]} 28. Rxc6 {[%clk
0:26:00]} Nxc6 {[%clk 0:15:09]} 29. Bxa6 {[%clk 0:26:00]} e6 {[%clk 0:15:09]} 30.
Bb7 {[%clk 0:26:00]} Nb4 {[%clk 0:15:09]} 31. Re2 {[%clk 0:26:00]} Nd3 {[%clk
0:08:38]} 32. Qf1 {[%clk 0:25:00]} Qa3 {[%clk 0:08:03]} 33. a6 {[%clk 0:25:00]}
Bd4 {[%clk 0:05:59]} 34. Bxd4 {[%clk 0:25:00]} Rxd4 {[%clk 0:06:26]} 35. Rd2
{[%clk 0:24:00]} 1/2-1/2

[Event "Campeonato España Sub 18"]
[Site "Salobreña"]
[Date "2017.08.04"]
[Round "8"]
[White "Jimenez Ramallo, Francisco J"]
[Black "Goni Navarro, Pablo"]
[Result "0-1"]
[Board "24"]
[WhiteClock "1:30"]
[WhiteElo "1984"]
[WhiteCountry "ESP"]
[WhiteFideId "32020384"]
[WhiteEloChange "-5"]
[BlackClock "1:30"]
[BlackElo "2197"]
[BlackCountry "ESP"]
[BlackFideId "22295720"]
[BlackEloChange "5"]

1. c4 {[%clk 1:30:00]} c5 {[%clk 1:30:00]} 2. Nf3 {[%clk 1:31:00]} g6 {[%clk
1:30:00]} 3. e3 {[%clk 1:31:00]} Bg7 {[%clk 1:28:00]} 4. d4 {[%clk 1:31:00]} cxd4
{[%clk 1:28:00]} 5. exd4 {[%clk 1:32:00]} d5 {[%clk 1:27:00]} 6. Nc3 {[%clk
1:32:00]} Nf6 {[%clk 1:22:00]} 7. Be2 {[%clk 1:32:00]} O-O {[%clk 1:22:00]} 8.
O-O {[%clk 1:33:00]} Nc6 {[%clk 1:13:00]} 9. Re1 {[%clk 1:32:00]} Bg4 {[%clk
1:09:00]} 10. c5 {[%clk 1:32:00]} Ne4 {[%clk 1:05:00]} 11. Be3 {[%clk 1:33:00]}
Rc8 {[%clk 0:57:00]} 12. h3 {[%clk 1:31:00]} Bf5 {[%clk 0:57:00]} 13. Bf4 {[%clk
1:26:00]} Re8 {[%clk 0:55:00]} 14. Rc1 {[%clk 1:15:00]} Nxc3 {[%clk 0:49:00]} 15.
Rxc3 {[%clk 1:06:00]} Be4 {[%clk 0:32:00]} 16. Be3 {[%clk 1:06:00]} e5 {[%clk
0:32:00]} 17. Nxe5 {[%clk 1:07:00]} Bxe5 {[%clk 0:32:00]} 18. dxe5 {[%clk
1:04:00]} d4 {[%clk 0:29:00]} 19. Rc4 {[%clk 1:04:00]} Bd5 {[%clk 0:29:00]} 20.
Rxd4 {[%clk 1:04:00]} Nxd4 {[%clk 0:27:00]} 21. Qxd4 {[%clk 1:02:00]} Bxa2 {[%clk
0:27:00]} 22. Qa4 {[%clk 1:02:00]} Bd5 {[%clk 0:14:30]} 23. Rd1 {[%clk 0:43:00]}
Bc6 {[%clk 0:14:30]} 24. Qa2 {[%clk 0:42:00]} Qe7 {[%clk 0:14:30]} 25. Bc4 {[%clk
0:42:00]} Rcd8 {[%clk 0:14:30]} 26. Rd6 {[%clk 0:41:00]} Rxd6 {[%clk 0:14:30]}
27. cxd6 {[%clk 0:41:00]} Qd7 {[%clk 0:14:30]} 28. Bd4 {[%clk 0:40:00]} a6 {[%clk
0:12:24]} 29. f3 {[%clk 0:26:00]} b5 {[%clk 0:12:24]} 30. Bb3 {[%clk 0:25:00]}
Bb7 {[%clk 0:12:24]} 31. Qb1 {[%clk 0:25:00]} Qc6 {[%clk 0:12:15]} 32. Qe1 {[%clk
0:20:00]} Qxd6 {[%clk 0:02:24]} 33. Qh4 {[%clk 0:20:00]} Qe7 {[%clk 0:02:04]} 34.
Qf4 {[%clk 0:20:00]} Bc8 {[%clk 0:01:37]} 35. h4 {[%clk 0:20:00]} Be6 {[%clk
0:01:05]} 36. Bc2 {[%clk 0:20:00]} Rc8 {[%clk 0:01:19]} 37. Bd3 {[%clk 0:20:00]}
Qb4 {[%clk 0:01:19]} 38. Qe3 {[%clk 0:20:00]} Qb3 {[%clk 0:01:19]} 39. h5 {[%clk
0:20:00]} Bf5 {[%clk 0:01:19]} 40. hxg6 {[%clk 0:20:00]} Qxd3 {[%clk 0:01:19]}
41. gxf7+ {[%clk 0:20:00]} Kxf7 {[%clk 0:01:19]} 42. e6+ {[%clk 0:20:00]} Ke8
{[%clk 0:01:19]} 43. Qe5 {[%clk 0:20:00]} Qc2 {[%clk 0:01:19]} 44. Qf6 {[%clk
0:18:55]} Bg6 {[%clk 0:00:36]} 45. Qg7 {[%clk 0:16:08]} Qc1+ {[%clk 0:00:44]} 46.
Kh2 {[%clk 0:16:19]} Qf4+ {[%clk 0:01:09]} 47. Kg1 {[%clk 0:15:49]} Rc1+ {[%clk
0:01:19]} 48. Kf2 {[%clk 0:16:18]} Rc2+ {[%clk 0:01:04]} 49. Kg1 {[%clk 0:16:37]}
Rc1+ {[%clk 0:00:58]} 50. Kf2 {[%clk 0:17:00]} Qd2+ {[%clk 0:01:09]} 51. Kg3
{[%clk 0:17:20]} Qe1+ {[%clk 0:01:17]} 52. Kf4 {[%clk 0:17:01]} Qxe6 {[%clk
0:01:05]} 0-1